00210nam a22000857a 4500008004100000082002000041245003800061260001700099300000800116230704b xxu||||| |||| 00| 0 eng d a362.7bUNI 2003 aBuilding a World Fit for Children bUNICEFc2003 a23p